Samuel Beckett: the complete short prose, 1929-1989 / (Record no. 25)
[ view plain ]
| 000 -LEADER | |
|---|---|
| fixed length control field | 01106cam a2200301 a 4500 |
| 001 - CONTROL NUMBER | |
| control field | 1614830 |
| 005 - DATE AND TIME OF LATEST TRANSACTION | |
| control field | 20200421093816.0 |
| 008 - FIXED-LENGTH DATA ELEMENTS--GENERAL INFORMATION | |
| fixed length control field | 950313s1995 nyu b 000 0 eng |
| 010 ## - LIBRARY OF CONGRESS CONTROL NUMBER | |
| LC control number | 95013074 |
| 020 ## - INTERNATIONAL STANDARD BOOK NUMBER | |
| International Standard Book Number | 0802115772 |
| 040 ## - CATALOGING SOURCE | |
| Original cataloging agency | DLC |
| Transcribing agency | DLC |
| Modifying agency | DLC |
| 041 1# - LANGUAGE CODE | |
| Language code of text/sound track or separate title | eng |
| Language code of original | fre |
| 050 00 - LIBRARY OF CONGRESS CALL NUMBER | |
| Classification number | PQ2603.E378 |
| Item number | A24 1995 |
| 082 00 - DEWEY DECIMAL CLASSIFICATION NUMBER | |
| Classification number | 848/.91409 |
| Edition information | 20 |
| 100 1# - MAIN ENTRY--PERSONAL NAME | |
| Personal name | Beckett, Samuel, |
| Dates associated with a name | 1906-1989. |
| 240 10 - UNIFORM TITLE | |
| Uniform title | Prose works. |
| Language of a work | English |
| 245 10 - TITLE STATEMENT | |
| Title | Samuel Beckett: the complete short prose, 1929-1989 / |
| Statement of responsibility, etc. | edited and with an introduction and notes by S.E. Gontarski. |
| 246 30 - VARYING FORM OF TITLE | |
| Title proper/short title | Complete short prose, 1929-1989 |
| 250 ## - EDITION STATEMENT | |
| Edition statement | 1st ed. |
| 260 ## - PUBLICATION, DISTRIBUTION, ETC. | |
| Place of publication, distribution, etc. | New York : |
| Name of publisher, distributor, etc. | Grove Press, |
| Date of publication, distribution, etc. | c1995. |
| 300 ## - PHYSICAL DESCRIPTION | |
| Extent | xxxii, 294 p. ; |
| Dimensions | 23 cm. |
| 504 ## - BIBLIOGRAPHY, ETC. NOTE | |
| Bibliography, etc. note | Includes bibliographical references (p. 287-292) |
| 600 10 - SUBJECT ADDED ENTRY--PERSONAL NAME | |
| Personal name | Beckett, Samuel, |
| Dates associated with a name | 1906-1989 |
| Form subdivision | Translations into English. |
| 9 (RLIN) | 581 |
| 700 1# - ADDED ENTRY--PERSONAL NAME | |
| Personal name | Gontarski, S. E. |
| 9 (RLIN) | 236 |
| 906 ## - LOCAL DATA ELEMENT F, LDF (RLIN) | |
| a | 7 |
| b | cbc |
| c | orignew |
| d | 1 |
| e | ocip |
| f | 19 |
| g | y-gencatlg |
| 942 ## - ADDED ENTRY ELEMENTS (KOHA) | |
| Source of classification or shelving scheme | Dewey Decimal Classification |
| Koha item type | Books |
| Withdrawn status | Lost status | Damaged status | Not for loan | Collection | Home library | Current library | Shelving location | Date acquired | Barcode | Date last seen | Price effective from | Koha item type |
|---|---|---|---|---|---|---|---|---|---|---|---|---|
| Reference | Centerville | Centerville | General stacks | 09/04/2014 | 39999000001099 | 09/04/2014 | 09/04/2014 | Books | ||||
| Reference | Centerville | Centerville | General stacks | 09/04/2014 | 39999000001136 | 09/04/2014 | 09/04/2014 | Books | ||||
| Reference | Fairview | Fairview | General stacks | 09/04/2014 | 39999000001112 | 09/04/2014 | 09/04/2014 | Books | ||||
| Reference | Midway | Midway | General stacks | 09/04/2014 | 39999000001075 | 09/04/2014 | 09/04/2014 | Books |